banner-ar

الطفولة بين السواء والمرض / (Record no. 49295)

MARC details
000 -الفاتح
حقل البيانات ثابتة الطول 00599nam a2200181Ia 4500
005 - وقت وتاريخ اخر تعامل مع التسجيلة
رقم الضبط 20240530104625.0
008 - عناصر البيانات ثابتة الطول - معلومات عامة
حقل البيانات ثابتة الطول 140319s9999 xx 000 0 ara d
040 ## - مصدر الفهرسة
وكالة الفهرسة الأصلية GCL /
وكالة النسخ GCL
082 04 - رقم تصنيف ديوى العشرى
رقم التصنيف 155.4
رقم المادة م ط
100 1# - المدخل الرئيسى - إسم شخصى
الإسم الشخصى مجدى احمد محمد عبدالله
245 10 - بيان العنوان
العنوان الطفولة بين السواء والمرض /
بيان المسئوليه,etc مجدى احمد محمد عبدالله
260 ## - PUBLICATION, DISTRIBUTION, ETC. (IMPRINT)
تاريخ النشر أو التوزيع 1997
300 ## - الوصف المادى
التعداد 355 ص ؛
أبعاد الوعاء 24 سم
650 1# - المدخل الاضافى بالموضوع-مصطلح موضوعى
مصدر الرأس أو المصطلح الاطفال
650 1# - المدخل الاضافى بالموضوع-مصطلح موضوعى
مصدر الرأس أو المصطلح الاطفال
التقسيم الفرعي العام امراض
942 ## - عناصر المدخل الإضافي( كوها)
مصدر التصنيف او مخطط الترفيف Dewey Decimal Classification
Koha [default] item type كتاب
260 ## - PUBLICATION, DISTRIBUTION, ETC. (IMPRINT)
-- الاسكندرية :
-- دار المعرفة الجامعية ،
Holdings
حالة التراجع حالة الفقد حالة تلف ليس للاعارة المكان المؤقت الموقع الحالى تاريخ الاكتساب اجمالي اﻻعارات رقم الطلب الباركود تاريخ اخر مشاهدة تاريخ تفعيل السعر نوع وعاء كوها
        مكتبة القاهرة الكبرى مكتبة القاهرة الكبرى 03/26/2014   155.4\م ط 118481 03/26/2014 03/26/2014 كتاب
        مكتبة القاهرة الكبرى مكتبة القاهرة الكبرى 03/26/2014   155.4\م ط 118482 03/26/2014 03/26/2014 كتاب

Powered By

EGPV